Prodejem k vítězství "nejlepší kniha o prodeji, jaká kdy byla napsána"
Saved in:
| Main Author: | |
|---|---|
| Format: | Book |
| Language: | Czech |
| Published: |
Brno
BizBooks
2013
|
| Edition: | aktual. vyd. |
| Subjects: | |
| Tags: |
No Tags, Be the first to tag this record!
|
MARC
| LEADER | 00000nam a2200000 4500 | ||
|---|---|---|---|
| 001 | 0185630 | ||
| 005 | 20240313133423.4 | ||
| 020 | |a 978-80-265-0078-0 | ||
| 041 | 0 | |a cze | |
| 044 | |a CZ | ||
| 245 | 1 | 0 | |a Prodejem k vítězství |b "nejlepší kniha o prodeji, jaká kdy byla napsána" |c Richard Denny |
| 250 | |a aktual. vyd. | ||
| 264 | 1 | |a Brno |b BizBooks |c 2013 | |
| 300 | |a 208 s. | ||
| 610 | 2 | 0 | |a predaj |
| 610 | 2 | 0 | |a prieskum odbytový |
| 610 | 2 | 0 | |a zákazníci |
| 610 | 2 | 0 | |a obchod |
| 610 | 2 | 0 | |a služby |
| 100 | 1 | |a Denny, Richard | |